_Financial &Managerial accounting(7th ed) Belverd E Needles (Record no. 13212)
[ view plain ]
| 000 -LEADER | |
|---|---|
| fixed length control field | 00506nam a2200169Ia 4500 |
| 008 - FIXED-LENGTH DATA ELEMENTS--GENERAL INFORMATION | |
| fixed length control field | 151021s9999 xx 000 0 und d |
| 020 ## - INTERNATIONAL STANDARD BOOK NUMBER | |
| International Standard Book Number | 618496521 |
| 050 ## - LIBRARY OF CONGRESS CALL NUMBER | |
| Classification number | HF5635.N33 2005 |
| 245 ## - TITLE STATEMENT | |
| Title | _Financial &Managerial accounting(7th ed) Belverd E Needles |
| 260 ## - PUBLICATION, DISTRIBUTION, ETC. (IMPRINT) | |
| Place of publication, distribution, etc. | Boston Houghton Mifflin company 2005 |
| 300 ## - PHYSICAL DESCRIPTION | |
| Extent | xx,1297p.;ill |
| 500 ## - GENERAL NOTE | |
| General note | Includes index |
| 500 ## - GENERAL NOTE | |
| General note | Includes index |
| 650 ## - SUBJECT ADDED ENTRY--TOPICAL TERM | |
| Topical term or geographic name as entry element | _Financial accounting |
| 700 ## - ADDED ENTRY--PERSONAL NAME | |
| Personal name | _Marian Powers |
| 980 ## - EQUIVALENCE OR CROSS-REFERENCE-SERIES STATEMENT--PERSONAL NAME/TITLE [LOCAL, CANADA] | |
| Personal name | ^d20130513 01:59:56^oanne |
No items available.